00543nam a2200157Ia 4500008004100000020001500041082001600056100001900072245002800091260007600119300002000195490001300215942004700228952009500275999001500370250529s9999 xx 000 0 und d a9991571671 a891.4894JAM aMohamed Jameel 0aJameeluge Mazumoonu 111 aMale'bDhivehi Bahaai Thaareekhah Khidhumaiykuraa Qaumee Marukazuc1994 a215 p. ; 22 cm. vMalas 50 h891.4894iJAMcAD6891_489400000000000_JAM 93728aKFPLbKFPLcDHId2025-05-29l0o891.4894JAMpKL-2024-001114r2025-05-29 12:12:44yAD c3422d3422